| Поле | Название | Значение |
| |
Тип записи |
a |
| |
Библиографический уровень |
m |
| 001 |
Контрольный номер |
SKBR/5674b335-eb54-441e-adb8-98a0b7d4fbea |
| 005 |
Дата корректировки |
20260518144504.3 |
| 010 |
Индекс ISBN |
__ |
| a |
ISBN |
978-5-00114-283-6 |
| 9 |
Тираж |
3000 экз. |
| b |
Уточнения |
в пер. |
| d |
Цена |
1148-42 |
| 035 |
Другие системные номера |
__ |
| a |
Идентификатор записи |
RU\NLR\BIBL_A\012924486 |
| 100 |
Данные общей обработки |
__ |
| a |
Данные общей обработки |
20260514d2024 d y0rusy028902 ca |
| 101 |
Язык документа |
1_ |
| a |
Язык текста |
rus |
| c |
Язык оригинала |
pol |
| 102 |
Страна публикации |
__ |
| a |
Страна публикации |
RU |
| 105 |
Кодированные данные (монография) |
__ |
| a |
Кодированные данные (монография) |
a z 000zy |
| 181 |
Поле кодированных данных: вид содержания |
_0 |
| a |
Код вида содержания (ISBD) |
i |
| 181 |
Поле кодированных данных: вид содержания |
_0 |
| a |
Код вида содержания (ISBD) |
b |
| 182 |
Поле кодированных данных: тип средства |
_0 |
| a |
Код типа средства (ISBD) |
n |
| 200 |
Заглавие и сведения об ответственности |
1_ |
| a |
Заглавие |
Политика |
| e |
Сведения, относящиеся к заглавию |
то, о чем взрослые тебе не рассказывают, потому что часто сами не знают |
| e |
Сведения, относящиеся к заглавию |
[для среднего школьного возраста] |
| f |
Первые сведения об ответственности |
написал: Б. Янишевский |
| g |
Последующие сведения об ответственности |
перевод с польского Т. Агеевой |
| 203 |
Вид содержания и тип средства |
__ |
| a |
Вид содержания |
Текст |
| a |
Вид содержания |
Изображение |
| b |
Характеристика содержания |
двухмерное |
| b |
Характеристика содержания |
неподвижное |
| c |
Тип средства |
непосредственные |
| 210 |
Выходные данные |
1_ |
| a |
Место издания |
Москва |
| c |
Издательство |
Albus Cоrvus |
| c |
Издательство |
Белая ворона |
| d |
Дата издания |
2024 |
| 215 |
Физическое описание |
__ |
| a |
Объем |
151 с. |
| c |
Иллюстрации/тип воспроизводства |
цв. ил. |
| d |
Формат |
27 см |
| 330 |
Аннотация |
__ |
| a |
Аннотация |
Для юного читателя не существует слишком сложных тем. Благодаря легкому языку, юмору и оригинальным иллюстрациям трудные политические вопросы становятся понятными каждому (от 9 до 113 лет). Что такое власть и как ею завладеть? Демократия - лучший способ управления? Для чего нужно государство? Откуда у государства деньги, почему оно берет их у меня и зачем так много? Где купить бюджетный пирог и можно ли им насытиться? От чего защищает конституция и почему она так важна? Как организовать демонстрацию или произвести маленькую революцию? |
| 333 |
Примечание о целевом назначении |
__ |
| a |
Примечание о целевом назначении |
12+. Для детей старше 12 лет |
| 454 |
Оригинал |
_0 |
| 1 |
|
2001 |
| a |
|
Polityka. To, o czym dorosli Ci nie mowia |
| 1 |
|
700 1 |
| a |
|
Janiszewski |
| b |
|
B. |
| g |
|
Bogus |
| 606 |
Тематические рубрики |
__ |
| 2 |
Код системы |
nlr_sh |
| a |
Основная рубрика |
Политика. Политология |
| 606 |
Тематические рубрики |
__ |
| 2 |
Код системы |
nlr_sh |
| a |
Основная рубрика |
История политической мысли зарубежных стран |
| 610 |
Ключевые слова |
0_ |
| a |
Ключевые слова |
политология |
| 610 |
Ключевые слова |
0_ |
| a |
Ключевые слова |
политика |
| 610 |
Ключевые слова |
0_ |
| a |
Ключевые слова |
история политики |
| 610 |
Ключевые слова |
0_ |
| a |
Ключевые слова |
детская литература |
| 610 |
Ключевые слова |
0_ |
| a |
Ключевые слова |
познавательная литература |
| 610 |
Ключевые слова |
0_ |
| a |
Ключевые слова |
государство |
| 610 |
Ключевые слова |
0_ |
| a |
Ключевые слова |
власть |
| 610 |
Ключевые слова |
0_ |
| a |
Ключевые слова |
экономика |
| 610 |
Ключевые слова |
0_ |
| a |
Ключевые слова |
конституции |
| 686 |
Индексы других классификаций |
__ |
| a |
Классификационный индекс |
ст66 |
| 2 |
Код системы |
rubbks |
| 700 |
Автор |
_1 |
| a |
Фамилия |
Янишевский |
| b |
Имя |
Б. |
| g |
Полное личное имя |
Богусь |
| 4 |
Код отношения |
070 |
| 702 |
Вторичная интеллектуальная ответственность |
_1 |
| a |
Фамилия |
Скорвидер |
| b |
Имя |
М. |
| g |
Полное личное имя |
Макс |
| 4 |
Код отношения |
440 |
| 702 |
Вторичная интеллектуальная ответственность |
_1 |
| a |
Фамилия |
Агеева |
| b |
Имя |
Т. |
| g |
Полное личное имя |
Татьяна |
| 4 |
Код отношения |
730 |
| 801 |
Источник записи |
_0 |
| a |
Страна |
RU |
| b |
Организация |
RuMoRKP |
| c |
Дата составления |
20220901 |
| g |
Правила каталогизации |
PSBO |
| 801 |
Источник записи |
_1 |
| a |
Страна |
RU |
| b |
Организация |
RuMoRGB |
| c |
Дата составления |
20220901 |
| g |
Правила каталогизации |
PSBO |
| 801 |
Источник записи |
_2 |
| a |
Страна |
RU |
| b |
Организация |
NLR |
| c |
Дата составления |
20221201 |
| 2 |
Код формата |
rusmarc |
| g |
Правила каталогизации |
PSBO |
| 852 |
Данные о местонахождении |
__ |
| i |
Авторский знак |
Я 62 |
| j |
Шифр хранения |
ст66 |
| 900 |
Макрообъекты |
__ |
| a |
Макрообъекты |
Политика. Янишевский, Б., 2024 |
| 901 |
Тип документа |
__ |
| a |
Ответственный |
КиК/Обаева |
| t |
Тип документа |
m |
| 901 |
Тип документа |
__ |
| a |
Ответственный |
6 партия |
| 903 |
Характеристики (МАРС) |
__ |
| a |
Дата передачи |
20260514 |
| c |
Наименование библиотеки (МАРС) |
Муниципальное бюджетное учреждение культуры "Централизованная библиотечная система" г. Сургут (Центральная городская библиотека им. А. С. Пушкина) |
| 969 |
Тип издания |
__ |
| a |
Тип издания |
издание для детей |
| 990 |
Данные о заказе (DOS) |
__ |
| j |
Количество экземпляров (DOS) |
1 |
| t |
N записи в КСУ для И/У (DOS) |
202606 |